Závislé osoby a transferové oceňovanie (prehľad právnej úpravy)
Oceňovanie obchodov medzi závislými osobami najmä pre účely dane z príjmov. Právna úprava transferového oceňovania v zákone o dani z príjmov. Súvisiaca právna úprava závislých osôb v daňovom poriadku. Účtovné predpisy – prepojené účtovné jednotky. Zákon o dani z pridanej hodnoty – osoby s osobitným...
Uložené v:
| Hlavný autor: | |
|---|---|
| Médium: | Kapitola |
| Jazyk: | Slovak |
| Predmet: | |
| Tagy: |
Žiadne tagy, Buďte prvý, kto otaguje tento záznam!
|
MARC
| LEADER | 00000naa a2200000 4500 | ||
|---|---|---|---|
| 001 | 0297499 | ||
| 005 | 20240417075256.4 | ||
| 041 | 0 | |a slo | |
| 044 | |a SK | ||
| 245 | 1 | 0 | |a Závislé osoby a transferové oceňovanie (prehľad právnej úpravy) |c Vladimír Pastierik |
| 520 | |a Oceňovanie obchodov medzi závislými osobami najmä pre účely dane z príjmov. Právna úprava transferového oceňovania v zákone o dani z príjmov. Súvisiaca právna úprava závislých osôb v daňovom poriadku. Účtovné predpisy – prepojené účtovné jednotky. Zákon o dani z pridanej hodnoty – osoby s osobitným vzťahom. Oceňovacie princípy v cenových predpisoch a kalkuláciách. | ||
| 610 | 2 | 0 | |a účtovníctvo daňové |
| 610 | 2 | 0 | |a dane z príjmov |
| 610 | 2 | 0 | |a oceňovanie transferové |
| 610 | 2 | 0 | |a osoby závislé |
| 610 | 2 | 0 | |a zákony |
| 610 | 2 | 0 | |a legislatíva |
| 610 | 2 | 0 | |a smernice |
| 100 | 1 | |a Pastierik, Vladimír | |